000 00625 a2200217 4500
001 62207
005 20260407155915.0
008 260407a1970 arg spa d
003 AR-UNSa-BCEJYS
040 _aAR-UNSa-BCEJYS
_bspa
_cAR-UNSa-BCEJYS
080 _a349.2
_xDerecho del Trabajo
245 1 0 _aEl derecho del trabajo a través de sus casos prácticos
250 _a2a. ed.
264 1 _aBuenos Aires :
_bClub de Estudio
_c1970
300 _a177 p.
_c25 cm.
041 _aspa
942 _cBK
590 _aniveau_biblio:m niveau_hierar:0
100 1 _aInchaurraga, Enrique Máximo
700 1 _aPérez, Carlos Hugo
999 _c7606
_d7606